000 00706nam a2200265Ia 4500
001 9892
005 20240113234235.0
007 ta
008 050729s1998 a g b000 u eng u
020 _cHB
040 _aCotton College,Assam
041 _aeng
082 _a320.954
_bDa 26 Po
100 _aDas, Hari Hara .
245 0 _aPolitical System of India /
_cHari Hara Das.
_hTextual Documents
250 _a1st ed. /
260 _aNew Delhi :
_bAnmol Publications ,
_c1998.
300 _a426p. :
_bill. ;
_c22cm .
653 _aPolitical Science-India
653 _aPolitics-India
653 _aPG-Political Science
942 _2ddc
_cBK
999 _c9879
_d9879